Signals and systems / (Record no. 21309)
[ view plain ]
| 000 -LEADER | |
|---|---|
| fixed length control field | 01193cam a22003375a 4500 |
| 001 - CONTROL NUMBER | |
| control field | 17829938 |
| 005 - DATE AND TIME OF LATEST TRANSACTION | |
| control field | 20161004131915.0 |
| 008 - FIXED-LENGTH DATA ELEMENTS--GENERAL INFORMATION | |
| fixed length control field | 130729t2014 nyua fr 001 0 eng d |
| 010 ## - LIBRARY OF CONGRESS CONTROL NUMBER | |
| LC control number | 2013946503 |
| 020 ## - INTERNATIONAL STANDARD BOOK NUMBER | |
| International Standard Book Number | 0071829466 |
| 020 ## - INTERNATIONAL STANDARD BOOK NUMBER | |
| International Standard Book Number | 9780071829465 |
| 040 ## - CATALOGING SOURCE | |
| Original cataloging agency | DLC |
| Language of cataloging | eng |
| Transcribing agency | DLC |
| Modifying agency | DLC |
| -- | EG-ScBUE |
| -- | EG-ScBUE |
| 082 04 - DEWEY DECIMAL CLASSIFICATION NUMBER | |
| Classification number | 621.38223076 |
| Item number | HSU |
| Edition number | 22 |
| 100 1# - MAIN ENTRY--PERSONAL NAME | |
| Personal name | Hsu, Hwei P. |
| Fuller form of name | (Hwei Piao), |
| Dates associated with a name | 1930- |
| 9 (RLIN) | 5932 |
| 245 10 - TITLE STATEMENT | |
| Title | Signals and systems / |
| Statement of responsibility, etc | Hwei P. Hsu. |
| 246 33 - VARYING FORM OF TITLE | |
| Title proper/short title | Schaum’s outline of signals and systems |
| 250 ## - EDITION STATEMENT | |
| Edition statement | 3rd ed. |
| 260 ## - PUBLICATION, DISTRIBUTION, ETC. (IMPRINT) | |
| Place of publication, distribution, etc | New York : |
| Name of publisher, distributor, etc | McGraw-Hill Education, |
| Date of publication, distribution, etc | c.2014. |
| 300 ## - PHYSICAL DESCRIPTION | |
| Extent | viii, 496 p. : |
| Other physical details | ill. ; |
| Dimensions | 28 cm. |
| 490 0# - Series Statement | |
| Series statement | Schaum’s outline series |
| 500 ## - GENERAL NOTE | |
| General note | Index : p. 491-496. |
| 500 ## - GENERAL NOTE | |
| General note | Use with these courses. |
| 500 ## - GENERAL NOTE | |
| General note | Visit ''www.mhprofessional.com/mediacenter'' to view Schaum's problem-solving videos FREE. |
| 500 ## - GENERAL NOTE | |
| General note | 571 fully solved problems and 20 problem solving videos online. |
| 650 #7 - SUBJECT ADDED ENTRY--TOPICAL TERM | |
| Topical term or geographic name as entry element | Signal theory (Telecommunication) |
| Form subdivision | Problems, exercises, etc. |
| Source of heading or term | BUEsh |
| 9 (RLIN) | 5934 |
| 651 ## - SUBJECT ADDED ENTRY--GEOGRAPHIC NAME | |
| Source of heading or term | BUEsh |
| 653 ## - INDEX TERM--UNCONTROLLED | |
| Resource For college | Engineering, Electrical |
| Arrived date list | March2016 |
| -- | April2016 |
| 653 ## - INDEX TERM--UNCONTROLLED | |
| Resource For college | Engineering, Electrical |
| Arrived date list | October2016 |
| 655 ## - INDEX TERM--GENRE/FORM | |
| Form subdivision | Text book |
| -- | Reading book |
| 942 ## - ADDED ENTRY ELEMENTS (KOHA) | |
| Source of classification or shelving scheme | Dewey Decimal Classification |
| Withdrawn status | Item status | Source of classification or shelving scheme | Damaged status | Not for loan | Vendor | Home library | Current library | Shelving location | Date acquired | Source of acquisition | Total Checkouts | Full call number | Barcode | Date last seen | Koha item type | Total Renewals | Date last borrowed | Cost, normal purchase price |
|---|---|---|---|---|---|---|---|---|---|---|---|---|---|---|---|---|---|---|
| Dewey Decimal Classification | Baccah | Central Library | Central Library | First floor | 02/03/2016 | Purchase | 621.38223076 HSU | 000031858 | 15/07/2025 | NB - Book (Non borrowing) | ||||||||
| Dewey Decimal Classification | Baccah | Central Library | Central Library | First floor | 02/03/2016 | Purchase | 4 | 621.38223076 HSU | 000031859 | 15/07/2025 | Book - Borrowing | 19 | 19/11/2019 | |||||
| Dewey Decimal Classification | Baccah | Central Library | Central Library | First floor | 11/04/2016 | Purchase | 4 | 621.38223076 HSU | 000032303 | 15/07/2025 | Book - Borrowing | 15 | 20/11/2019 | 180.00 | ||||
| Dewey Decimal Classification | Baccah | Central Library | Central Library | First floor | 11/04/2016 | Purchase | 7 | 621.38223076 HSU | 000032304 | 15/07/2025 | Book - Borrowing | 63 | 13/11/2017 | 180.00 | ||||
| Dewey Decimal Classification | Baccah | Central Library | Central Library | First floor | 11/04/2016 | Purchase | 4 | 621.38223076 HSU | 000032305 | 15/07/2025 | Book - Borrowing | 15 | 12/02/2017 | 180.00 | ||||
| Dewey Decimal Classification | Baccah | Central Library | Central Library | First floor | 11/04/2016 | Purchase | 5 | 621.38223076 HSU | 000032306 | 15/07/2025 | Book - Borrowing | 30 | 20/10/2020 | |||||
| Dewey Decimal Classification | Baccah | Central Library | Central Library | First floor | 04/10/2016 | Purchase | 1 | 621.38223076 HSU | 000033802 | 15/07/2025 | Book - Borrowing | 11 | 03/10/2019 | 320.00 |